Visualizzazione normale
Vista MARC
- Albert Dondeyne
di Personal Name
Records bibliografici associati: 1
001 - CONTROL NUMBER
- control field: 28154
003 - CONTROL NUMBER IDENTIFIER
- control field: IT-RoPau
005 - DATE AND TIME OF LATEST TRANSACTION
- control field: 20140603153041.0
008 - FIXED-LENGTH DATA ELEMENTS
- fixed length control field: 140603|| aca||aabn | a|a d
040 ## - CATALOGING SOURCE
- Original cataloging agency: IT-RoPau
- Transcribing agency: IT-RoPau
100 ## - HEADING--PERSONAL NAME
- Personal name: Albert Dondeyne
670 ## - SOURCE DATA FOUND
- Source citation: Work cat.: (IT-RoPau)29229: Albert Dondeyne, Foi chrétienne et pensée contemporaine, 1969